000 01714cam a22004454i 4500
003 PE-LiUPU
005 20250731173255.0
008 150625s2000 xxk r 000 0 spa d
020 _a0825417635
035 _a(Sirsi) i9780825417634
040 _aPE-LiUPU
_bspa
_cPE-LiUPU
_erda
049 _aPRUA
082 0 4 _a227.207
_bT95
_221
100 1 _aTurner, Donald D.,
_eautor.
245 1 0 _aPrimera Corintios /
_cDonald D. Turner.
264 1 _aGrand Rapids, MI :
_bPortavoz,
_c2000.
300 _a225 páginas ;
_c23 centímetros
336 _atext
_2rdacontent
337 _aunmediated
_2rdamedia
338 _avolume
_2rdacarrier
505 0 _ael autor humano y sus circusntacias. -Los recipientes y sus circunstancias.-El contenido de la epístola. -La salutación 1:1-3. -La introducción 1:4-9. -Sabiduría de Dios, 1:10-31. -Sabiduría entre los perfectos, 2:1-16. La diferencia entre unos cristianos y otros, 3:1-23. etc.
526 _aSEG42
526 _aSEG41
526 _aSEG40
526 _aSEG39
526 _aP94
526 _aP87
526 _aP86
526 _aP85
526 _aP77
526 _aP76
526 _aP35
630 _aBiblia.
_pN.T.
_pCorintios I
_xComentarios.
942 _2ddc
_cBOOK
949 _a227.207 T95
_wDEWEY
_c1
_i55083
_d2016-1-8
_e2016-1-6
_lCCODEBUL1
_mBUL
_n3
_p11.00
_r0
_sY
_tBOOK
_u2015-6-25
_xTEOLOGIA
_zUNKNOWN
_0COMPRA
_o.STAFF. Colección Teología
994 _aC0
_bPEPRU
596 _a1
999 _a227.207 T95
_wDEWEY
_c43699
_i55083
_d43699
_e2016-1-6
_f2021-11-9
_g5
_lCCODEBUL1
_mBUL
_n3
_p11.00
_q1
_r0
_sY
_tBOOK
_u2015-6-25
_xTEOLOGIA
_PP35
_0COMPRA
_o.STAFF. Colección Teología
980 _81
_gALBERTO SANCHEZ Responsable de Automatización